000 00476nam a2200169Ia 4500
003 GCL
008 140319s9999 xx 000 0 ara d
040 _aGCL /
_cGCL
082 0 4 _a810.9
_bع م
100 1 _aعامر العقاد
245 1 0 _aمعارك العقاد الادبية /
_cعامر العقاد
300 _a243
490 _a100 قصة
_v0
650 0 4 _aالادب العربى
650 0 4 _aالادب العربى - تاريخ ونقد
942 _2ddc
_cBK
999 _c45982
_d45982